Dirección y gestión de recursos humanos

Guardado en:
Detalles Bibliográficos
Autores principales: Gómez-Mejía, Luis R (autor), Balkin, David B (Autor), Cardy, Robert L (Autor)
Formato: Libro
Lenguaje:español
Publicado: Madrid Prentice Hall 2001
Materias:
Etiquetas: Agregar Etiqueta
Sin Etiquetas, Sea el primero en etiquetar este registro!

MARC

LEADER 00000nam a2200000 a 4500
001 UCM1991
003 CL-VaPUC
008 020419e20010000SP |||||||||||||||||spa|d
082 0 4 |a 658.3  |b GOM  |2 21 
100 |a Gómez-Mejía, Luis R  |e autor  |9 534205 
700 0 |a Balkin, David B  |e author  |9 468790 
700 0 |a Cardy, Robert L  |e author  |9 468791 
245 1 0 |a Dirección y gestión de recursos humanos 
300 |a 695 p 
942 |c BK 
945 |d 20020419 00:00:00  |a vberengu 
260 |a Madrid  |b Prentice Hall  |c 2001 
650 0 |a Recursos humanos   |9 228420 
650 0 |a Administración del personal  |9 260442 
650 0 |a Planificación estratégica   |9 259735 
583 |a last modification  |c 20020419 00:00:00  |k Rodrigo Vera 
999 |c 300082  |d 300080 
952 |0 0  |1 0  |4 0  |6 658_300000000000000_GOM_2001  |7 0  |8 A  |9 357368  |a BIBEDU  |b BIBEDU  |d 2019-11-21  |i 3809870  |l 1  |m 4  |o 658.3 GOM 2001  |p 3809870  |r 2021-10-05  |s 2021-09-08  |w 2019-11-21  |y BK  |k PSI 
952 |0 0  |1 0  |4 0  |6 658_300000000000000_GOM_2001  |7 0  |8 A  |9 357369  |a BIBENE  |b BIBENE  |d 2019-11-21  |i 3916359  |o 658.3 GOM 2001  |p 3916359  |r 2025-01-15  |w 2019-11-21  |y BK  |k ICO